Το μουσείο ως όργανο έκφρασης και άσκησης αειφορικής πολιτικής : ειδικά μουσεία, αειφορικές πολιτικές διαχείρισης και οριζόντια διάχυση της αειφορικής προτεραιότητας : μεταπτυχιακή διατριβή
Αποθηκεύτηκε σε:
| Κύριος συγγραφέας: | |
|---|---|
| Συγγραφή απο Οργανισμό/Αρχή: | |
| Άλλοι συγγραφείς: | |
| Μορφή: | Thesis Βιβλίο |
| Γλώσσα: | Greek |
| Δημοσίευση: |
Μυτιλήνη :
Πανεπιστήμιο Αιγαίου, Τμήμα Περιβάλλοντος, Μεταπτυχιακό Πρόγραμμα Σπουδών στην Περιβαλλοντική Πολιτική και Διαχείριση,
2003
|
| Θέματα: | |
| Διαθέσιμο Online: | http://hdl.handle.net/11610/10316 |
| Ετικέτες: |
Προσθήκη ετικέτας
Δεν υπάρχουν, Καταχωρήστε ετικέτα πρώτοι!
|
MARC
| LEADER | 00000cam a2200000 i 4500 | ||
|---|---|---|---|
| 001 | 1/80491 | ||
| 008 | 050711s2003 gre d | ||
| 035 | |l 10079036 | ||
| 040 | |a GR-MY-UA |b gre |e aacr | ||
| 041 | 0 | |a gre | |
| 082 | 0 | |a 069 |2 (22) | |
| 100 | 1 | |a Μπουλέρου, Βασιλική Σ. | |
| 245 | 1 | 3 | |a Το μουσείο ως όργανο έκφρασης και άσκησης αειφορικής πολιτικής : |b ειδικά μουσεία, αειφορικές πολιτικές διαχείρισης και οριζόντια διάχυση της αειφορικής προτεραιότητας : μεταπτυχιακή διατριβή / |c Βασιλική Σ. Μπουλέρου ; υπεύθυνος καθηγητής Κωνσταντίνος Σοφούλης |
| 260 | |a Μυτιλήνη : |b Πανεπιστήμιο Αιγαίου, Τμήμα Περιβάλλοντος, Μεταπτυχιακό Πρόγραμμα Σπουδών στην Περιβαλλοντική Πολιτική και Διαχείριση, |c 2003 | ||
| 300 | |a 139 σ.; |b εικ., πιν., σχ.; |c 30 εκ. | ||
| 502 | |a Διατριβή (μεταπτυχιακή) - Πανεπιστήμιο Αιγαίου, Λέσβος, 2003. | ||
| 650 | 0 | 0 | |a Museums |x Administration. |
| 650 | 0 | 0 | |a Museums |x Management. |
| 650 | 0 | 0 | |a Museums |x Influence. |
| 650 | 0 | 0 | |a Museums |x Social aspects. |
| 650 | 0 | 0 | |a Dissertations, Academic |z Greece. |
| 700 | 1 | |a Σοφούλης, Κώστας Μαν., |d 1937-2020. |4 ths | |
| 710 | 2 | |a Πανεπιστήμιο Αιγαίου |b Σχολή Περιβάλλοντος |b Τμήμα Περιβάλλοντος |b Πρόγραμμα Μεταπτυχιακών Σπουδών Περιβαλλοντική Πολιτική και Διαχείριση. | |
| 852 | |a INST |b LESVOS |c DIATR |e 20050727 |h 259 |p 005100031623 |q 005100031623 |t MTXE |y 23 | ||
| 852 | |a INST |b LESVOS |c DIATR |e 20050711 |h 260 |p 005100031624 |q 005100031624 |t MTXE |y 23 | ||
| 856 | |u http://hdl.handle.net/11610/10316 | ||
| 901 | |a BIBL1-2005-2 | ||
| 909 | |a Λ |b 106021 | ||
| 909 | |a Λ |b 106029 | ||
| 924 | |a ΜΠΟΥΛΕΡΟΥ |b ΒΑΣΙΛΙΚΗ Σ. |y ΛΕΣΒΟΣ |z 2003-09 | ||
| 970 | |a ΜΑΡΙΝΑΤΟΥ |b ΜΥΡΣΙΝΗ |z 2005/07/11 | ||